000 00698nam a2200181 i 4500
001 89941
003 ES-MaACL
005 20230906180315.0
007 t|
008 050117s1978 sp ||||1| spa d
100 1 _aLeach, Edmund.
_970947
245 1 0 _aCultura y comunicación
_b: la lógica de la conexión de los símbolos : una introducción al uso del análisis estructuralista en la antropología social /
_cpor Edmund Leach ; [traducción de Juan Oliver Sánchez Fernández].
250 _a[1ª ed.].
260 _a[Madrid] :
_bSiglo Veintiuno,
_c[1978]
300 _a142 p. :
_bil. ;
_c21 cm.
700 1 _aSánchez Fernández, Juan Oliver.
_986847
852 _aES-MaACL
_jA-8875
_bR.97817
999 _c89941
_d89941